000 00590nam a2200229Ia 4500
003 OSt
005 20221005132047.0
006 a|||||r|||| 00| 0
007 ta
008 221004b |||||||| |||| 00| 0 eng d
024 _a41410
037 _cTextual
040 _aCRL
_cCRL
_beng
041 _2eng
_aeng
082 _aO:1M09:9, D9
100 _aKer William Paton
_9640553
245 0 _aTennyson
_b The Leslie Stephen lecture
260 _c1909
650 _aENGLISH LITERATURE
942 _hO:1M09:9, D9
_cTEXL
_2cc
999 _c1062331
_d1062331